Statistics for Countries with K

Click here to take the quiz!

General Stats

  • This quiz has been taken 349 times
    (339 since last reset)
  • The average score is 14 of 20

Answer Stats

Country% Correct
Kenya
89%
United Kingdom
84%
Kazakhstan
83%
Pakistan
80%
Kiribati
79%
Turkey
78%
Kosovo
77%
Kyrgyzstan
76%
Turkmenistan
76%
North Korea
74%
South Korea
74%
Uzbekistan
74%
Kuwait
73%
Tajikistan
73%
Ukraine
70%
Slovakia
67%
Denmark
65%
Saint Kitts and Nevis
54%
Sri Lanka
47%
Burkina Faso
42%

Score Distribution

Percentile by Number Answered

Percent of People with Each Score

Your Score History

You have not taken this quiz since the last reset